00793 2200301 4500001002100000005001500021035002000036007000300056040001600059100003400075245003500109250001300144300003300157020001800190041000800208082000800216084001400224090002100238264003800259336002100297337003000318338002300348650001700371850001000388008004100398504002900439990002300468INLIS00000000000463720260524075428 a0010-0122000269ta aSPBUPDbind0 aSondang P. SiagianePengarang1 aTeori dan Praktek Kepemimpinan a.-Cet. 5 axi, 192 hal. ;c14,5x20,5 cm a979-518-169-6 aind a158 a158 SON t a209.4 MUH p 2-12 a.--Jakarta :bRineka Cipta,c2003 2rdacontentaTeks 2rdamediaaTanpa Perantara 2rdacarrieraVolume 4aKepemimpinan aPUPAD260524 0  abibliografi, 185-189 hlm a6444/BR/ARPUS/2007